Văn học dan gian người Nùng Dín ở Lào Cai
Nội dung sách giới thiệu khái quát chung về kho tàng văn học dân gian người Nùng Dín ở Lào Cai. Nội dung và nghệ thuật các thể loại văn học dân gian, thơ, truyện, câu đố, ca dao của người Nùng Dín ở Lào Cai....
Đã lưu trong:
| 主要作者: | |
|---|---|
| 格式: | 圖書 |
| 語言: | Undetermined |
| 出版: |
Hà Nội
Hội nhà văn
2016
|
| 主題: | |
| 標簽: |
添加標簽
沒有標簽, 成為第一個標記此記錄!
|
| Thư viện lưu trữ: | Trung tâm Học liệu Trường Đại học Cần Thơ |
|---|
| LEADER | 00963nam a2200193Ia 4500 | ||
|---|---|---|---|
| 001 | CTU_225734 | ||
| 008 | 210402s9999 xx 000 0 und d | ||
| 082 | |a 398.209597 | ||
| 082 | |b Ch513 | ||
| 100 | |a Vàng, Thung Chúng | ||
| 245 | 0 | |a Văn học dan gian người Nùng Dín ở Lào Cai | |
| 245 | 0 | |c Vàng Thung Chúng, Vàng Thị Nga (nghiên cứu, giới thiệu) | |
| 260 | |a Hà Nội | ||
| 260 | |b Hội nhà văn | ||
| 260 | |c 2016 | ||
| 520 | |a Nội dung sách giới thiệu khái quát chung về kho tàng văn học dân gian người Nùng Dín ở Lào Cai. Nội dung và nghệ thuật các thể loại văn học dân gian, thơ, truyện, câu đố, ca dao của người Nùng Dín ở Lào Cai. | ||
| 650 | |a Văn học dân gian, Việt Nam,Folk literature, Vietnamese | ||
| 910 | |b dqhieu | ||
| 980 | |a Trung tâm Học liệu Trường Đại học Cần Thơ | ||